Por qué el lenguaje importa a la filosofía?

I tiakina i:
Ngā taipitopito rārangi puna kōrero
Kaituhi matua: Hacking, Ian (Author)
Hōputu: Pukapuka
Reo:Pāniora
I whakaputaina: Buenos Aires Sudamericana 1979
Rangatū:Biblioteca de Filosofía
Ngā marau:
Ngā Tūtohu: Tāpirihia he Tūtohu
Kāore He Tūtohu, Me noho koe te mea tuatahi ki te tūtohu i tēnei pūkete!

MARC

LEADER 00000nam a2200000 a 4500
001 UCQ6046
003 CL-VaPUC
008 981009e19790000AG |||||||||||||||||spa|d
082 0 4 |a 401  |b HAC  |2 21 
100 |a Hacking, Ian  |e author  |9 584849 
245 1 0 |a Por qué el lenguaje importa a la filosofía? 
300 |a 240 p 
942 |c BK 
945 |d 19981009 00:00:00  |a cmena 
260 |a Buenos Aires  |b Sudamericana  |c 1979 
650 0 |a Lingüística  |9 265068 
650 0 |a Filosofía del lenguaje  |9 257082 
650 7 |a TEORIA LINGUISTICA  |2 CL-VaPUC  |9 334835 
650 0 |a Escuelas filosóficas   |9 266232 
583 |a last modification  |c 19981009 00:00:00  |k Rodrigo Vera 
490 0 |a Biblioteca de Filosofía 
999 |c 276049  |d 276047 
952 |0 0  |1 0  |4 0  |6 401_000000000000000_HAC_1979  |7 0  |8 A  |9 313162  |a FDOPOS  |b FDOPOS  |d 2019-11-20  |i 1479210  |o 401 HAC 1979  |p 1479210  |r 2025-01-22  |w 2019-11-20  |y BK  |k MLA